| 000 | 00941nam a2200253 u 4500 | ||
|---|---|---|---|
| 005 | 20241004063728.0 | ||
| 008 | 100902s2008 mx r 000 0 spa d | ||
| 020 | _a9706865047 (10 dígitos) | ||
| 020 | _a9789706865045 (13 dígitos) | ||
| 035 | _aUPN01000177652 | ||
| 049 | _aCG | ||
| 050 | 4 |
_aBF39 _bP3.38 2008 |
|
| 100 | 1 | _aPagano, Robert R. | |
| 245 | 1 | 0 |
_aEstadística para las ciencias del comportamiento / _cRobert R. Pagano ; rev. técnica Florente López Velázquez ; tr. Oscar A. Palmas Velasco. |
| 250 | _a7a ed. | ||
| 260 |
_aMéxico : _bCenage Learnig : _bThomson, _c2008. |
||
| 300 |
_axxiv, 564 p. : _bgráfs., tablas |
||
| 534 |
_pTraducción de: _tUnderstanding Statistics in the Behavioral Sciences |
||
| 590 | _aBibliografía Básica (BGTQ) | ||
| 590 | _a(También localizas un ejemplar en el "Area de Reserva") | ||
| 650 | 4 |
_aPsicometría _99969 |
|
| 650 | 4 |
_aPsicología _xMetodología _95866 |
|
| 905 | _aLibro | ||
| 999 |
_c149755 _d149755 |
||